The counter-insurgency myth the British experience of irregular warfare (Registro nro. 165796)

Detalles MARC
000 -ENCABEZADO
Número de control [NR] 01320nam a22002537a 4500
008 - DE LONGITUD FIJA DE DATOS DE ELEMENTOS - INFORMACIÓN GENERAL
Elementos de longitud fija [NR] 130821s2012 enk gr eng
020 ## - NUMERO INTERNACIONAL NORMALIZADO PARA LIBROS [R]
Número Internacional Normalizado del libro [NR] 0415667453
020 ## - NUMERO INTERNACIONAL NORMALIZADO PARA LIBROS [R]
Número Internacional Normalizado del libro [NR] 9780415667456
040 ## - FUENTE DE CATALOGACION [NR]
Agencia de catalogación original [NR] CO-BoUCM
Quien Cataloga
Quien Clasifica Aldemar Mondragón
041 00 - CODIGO DE IDIOMA [R]
Código de idioma para texto/pista de sonido o título separado [R] Inglés
100 1# - ASIENTO PRINCIPAL--NOMBRE PERSONAL [NR]
Nombre personal [NR] Mumford, Andrew
Fechas asociadas con el nombre [NR] 1983-
ID Autoridad 32564
245 14 - MENCION DE TITULO [NR]
Título [NR] The counter-insurgency myth the British experience of irregular warfare
Mención de responsabilidad, etc. [NR] Andrew Mumford
260 ## - PUBLICACION, DISTRIBUCION, ETC. (PIE DE IMPRENTA) [R]
Lugar de publicación, distribución, etc. [R] Milton Park (Abingdon, Inglaterra)
Nombre del editor, distribuidor, etc. [R] Routledge
Fecha de publicación, distribución, etc. [R] 2012
300 ## - DESCRIPCION FISICA [R]
Extensión [R] xi, 201 páginas
490 1# - MENCION DE SERIE [R]
Mención de serie [R] Cass Military Studies
Designación numérica/secuencial del volumen [NR] 45
504 ## - NOTA DE BIBLIOGRAFIA, ETC. [R]
Nota de bibliografía, etc. [NR] Incluye referencias bibliográficas e índices
505 0# - NOTA DE CONTENIDO CON FORMATO PREESTABLECIDO [R]
Nota de contenido con formato preestablecido [NR] Evaluating the British approach to counter-insurgency since 1948 -- The blueprint : Malaya, 1948-60 -- The transfer : Kenya, 1952-60 -- The turning point : Aden & South Arabia, 1962-67 -- The nadir : Northern Ireland, 1969-1979 -- The culmination? : Iraq, 2003-2009 -- Puncturing the counter-insurgency myth : Britain and irregular warfare in the past, present and future
650 ## - ASIENTO SECUNDARIO DE MATERIA - TERMINO TEMATICO [R]
Término temático o nombre geográfico como elemento de entrada [NR] Contrainsurgencia
Subdivisión de forma [R] Estudio de casos
9 (RLIN) 32566
650 #7 - ASIENTO SECUNDARIO DE MATERIA - TERMINO TEMATICO [R]
Término temático o nombre geográfico como elemento de entrada [NR] Contrainsurgencia
Subdivisión geográfica [R] Gran Bretaña
Subdivisión general [R] History
Subdivisión cronológica [R] Siglo XX
9 (RLIN) 32565
650 #7 - ASIENTO SECUNDARIO DE MATERIA - TERMINO TEMATICO [R]
Término temático o nombre geográfico como elemento de entrada [NR] Guerra de Iraq, 2003-2011.
9 (RLIN) 32447
690 ## - ASUNTO AGREGADO LOCAL DE ENTRADA - TÉRMINO TEMÁTICO (OCLC, RLIN)
Acceso temático local Ciencia militar
942 ## - ELEMENTOS DE ENTRADA AGREGADOS (KOHA)
Tipo de ítem principal el descrito en 300a Libro
Tema principal Ciencia política
Edición 1
Parte restante de la signatura top. M962c
Sistema de clasificación DEWEY
Clasificación 355.02180941
Existencias
Fecha de último préstamo Total préstamos Signatura topográfica Código de barras Última vez visto Ejemplar Price effective from Tipo de ítem Perdido Sistema de clasificación Dañado No prestable Tipo de ítem específico Suprimido Ubicación habitual Ubicación actual Localización Fecha de creación Forma de adquisición Costo
25/01/2019 2 355.02180941 M962c 100130607 09/12/2025 Ej.1 13/03/2013 Libro   DEWEY     Libro   Claustro Claustro 2do piso 05/03/2013 Compra 206000.00